Подробности
| 000 -МАРКЕР |
| контрольное поле |
05508nam0a22005531 4500 |
| 001 - ИДЕНТИФИКАТОР ЗАПИСИ |
| контрольное поле |
v19\rc\2103096 |
| 005 - ИДЕНТИФИКАТОР ВЕРСИИ |
| контрольное поле |
20260405142811.0 |
| 035 ## - ДРУГИЕ СИСТЕМНЫЕ НОМЕРА |
| Идентификатор записи |
(NLR Aleph) 005177312 |
| 100 ## - ДАННЫЕ ОБЩЕЙ ОБРАБОТКИ |
| Данные общей обработки |
20090914d1825 |||y0rusy50 ca |
| 101 0# - ЯЗЫК РЕСУРСА |
| Язык текста, звукозаписи и т.д. |
русский |
| 102 ## - СТРАНА ПУБЛИКАЦИИ ИЛИ ПРОИЗВОДСТВА |
| Страна публикации |
российская федерация |
| 135 ## - ПОЛЕ КОДИРОВАННЫХ ДАННЫХ: ЭЛЕКТРОННЫЕ РЕСУРСЫ |
| Кодированные данные для электронного ресурса |
crcn 024anaba |
| 140 ## - ПОЛЕ КОДИРОВАННЫХ ДАННЫХ: СТАРОПЕЧАТНЫЕ ИЗДАНИЯ - ОБЩАЯ ИНФОРМАЦИЯ |
| Кодированные данные о старопечатном издании - Основные |
y a bba yyyaa0000 |
| 200 1# - ЗАГЛАВИЕ И СВЕДЕНИЯ ОБ ОТВЕТСТВЕННОСТИ |
| Основное заглавие |
Изъяснение рисунка, представляющаго вулканический остров св. Иоанна Богослова, или Агашагоха, снятаго с натуры штаб-лекарем и кавалером, действительным членом Российско-императорских ст.-петербургских обществ Минералогическаго и Фармацевтическаго, Федором Штейном, а литографированнаго известным российским художником Владимиром Погонкиным |
| 210 ## - ПУБЛИКАЦИЯ, РАСПРОСТРАНЕНИЕ И ДР. |
| Место издания, распространения и т.д. |
Санкт-Петербург |
| Имя издателя, распространителя и т. д. |
в типографии Особенной канцеллярии Министерства внутренних дел |
| Дата издания, распространения и т.д. |
1825 |
| 215 ## - ФИЗИЧЕСКАЯ ХАРАКТЕРИСТИКА |
| Специфическое обозначение материала и объем |
6 с., [1] л. ил. |
| Размеры |
4° |
| 300 ## - ОБЩИЕ ПРИМЕЧАНИЯ |
| Текст примечания |
Ценз.: А.С. Бируков, 17 февр. 1825 г. |
| 300 ## - ОБЩИЕ ПРИМЕЧАНИЯ |
| Текст примечания |
Загл. изд. обл.: Изъяснение литографическаго рисунка |
| 300 ## - ОБЩИЕ ПРИМЕЧАНИЯ |
| Текст примечания |
Ил.: "Вид вулканическаго острова Св. Иоанна Богослова или Агошагоха. Снял с натуры Ф. Штеин 1820" |
| 300 ## - ОБЩИЕ ПРИМЕЧАНИЯ |
| Текст примечания |
Имеются 2 вар. изд. обл. Вар. 1: обл. зеленого цвета, вар. 2 - желтого. Вар. различаются также виньетками и типогр. линейками |
| 316 ## - ПРИМЕЧАНИЯ ОБ ОСОБЕННОСТЯХ ЭКЗЕМПЛЯРА |
| Текст примечания |
Экз. РНБ (18.7.4.7): вар. 1. Экз. в изд. обл. В коричневом цельнокожаном отреставрирован. пер. На верхней и нижней крышках пер. золотом вытиснены двойные орнаментальные рамки. На верхней крышке пер. бумаж. наклейка с указанием номера кн. на полке "7". На нижней крышке пер. бумаж. наклейка с шифром РНБ. На подвертке золотом вытиснена орнаментальная рамка. Левая сторона форзаца и правая сторона форзаца из тисненной оранжевой бумаги. Обрез золотой. На тит.л., с.6 и обороте [1] л. ил. круглый штамп ГПБ. Ил. раскрашена. Размер: 21,4х17,6х0,6 см |
| Организация и экземпляр, к которому относится поле |
NLR: 18.7.4.7 |
| 316 ## - ПРИМЕЧАНИЯ ОБ ОСОБЕННОСТЯХ ЭКЗЕМПЛЯРА |
| Текст примечания |
Экз. РНБ (139/665): вар. 2. Экз. в изд. обл. Экз. деф.: отсутствует [1] л. ил. |
| Организация и экземпляр, к которому относится поле |
NLR: 139/665 |
| 317 ## - ПРИМЕЧАНИЯ О ПРОИСХОЖДЕНИИ ЭКЗЕМПЛЯРА |
| Текст примечания |
В экз. РНБ (18.7.4.7) на верхней крышке пер. вытиснена надпись: "Его императорскому высочеству великому князю Михайлу Павловичу". |
| Организация и экземпляр, к которому относится поле |
NLR: 18.7.4.7 |
| 325 ## - ПРИМЕЧАНИЕ О КОПИИ |
| Текст примечания |
Копия доступна в Электрон. б-ке РНБ |
| 512 0# - ЗАГЛАВИЕ ОБЛОЖКИ |
| Заглавие обложки |
Изъяснение литографическаго рисунка |
| 518 1# - ЗАГЛАВИЕ В СТАНДАРТНОМ СОВРЕМЕННОМ ПРАВОПИСАНИИ |
| Основное заглавие, вариант заглавия или унифицированное заглавие |
Изъяснение рисунка, представляющего вулканический остров св. Иоанна Богослова, или Агашагоха, снятого с натуры штаб-лекарем и кавалером, действительным членом Российско-императорских ст.-петербургских обществ Минералогического и Фармацевтического, Федором Штейном, а литографированного известным российским художником Владимиром Погонкиным |
| 518 1# - ЗАГЛАВИЕ В СТАНДАРТНОМ СОВРЕМЕННОМ ПРАВОПИСАНИИ |
| Основное заглавие, вариант заглавия или унифицированное заглавие |
Изъяснение литографического рисунка |
| 700 #1 - ИМЯ ЛИЦА - ПЕРВИЧНАЯ ОТВЕТСТВЕННОСТЬ |
| Начальный элемент ввода |
Штейн |
| Часть имени, кроме начального элемента ввода |
Ф. |
| Расширение инициалов личного имени |
Федор |
| Код отношения |
Автор |
| 702 #0 - ИМЯ ЛИЦА - ВТОРИЧНАЯ ОТВЕТСТВЕННОСТЬ |
| Код отношения |
Бывший владелец |
| Материалы, к которым относится поле |
rus |
| Графика поля |
Кириллица |
| Начальный элемент ввода |
Михаил Павлович |
| Дополнения к именам, кроме дат |
великий князь |
| Даты |
1798-1849 |
| Идентификатор авторитетной/нормативной записи |
RU\NLR\AUTH\7758638 |
| Системный номер авторитетной/нормативной записи |
41570 |
| 702 #1 - ИМЯ ЛИЦА - ВТОРИЧНАЯ ОТВЕТСТВЕННОСТЬ |
| Код отношения |
Цензор |
| Графика поля |
Кириллица |
| Материалы, к которым относится поле |
rus |
| Начальный элемент ввода |
Бируков |
| Часть имени, кроме начального элемента ввода |
А. С. |
| Даты |
1772-1844 |
| Расширение инициалов личного имени |
Александр Степанович |
| Системный номер авторитетной/нормативной записи |
218769 |
| Идентификатор авторитетной/нормативной записи |
RU\NLR\AUTH\770218825 |
| 702 #1 - ИМЯ ЛИЦА - ВТОРИЧНАЯ ОТВЕТСТВЕННОСТЬ |
| Начальный элемент ввода |
Погонкин |
| Часть имени, кроме начального элемента ввода |
В.И. |
| Даты |
1793-после 1847 |
| Расширение инициалов личного имени |
Владимир Иванович |
| Код отношения |
Иллюстратор |
| 712 01 - НАИМЕНОВАНИЕ ОРГАНИЗАЦИИ - ВТОРИЧНАЯ ОТВЕТСТВЕННОСТЬ |
| Код отношения |
Печатник (типограф) |
| Начальный элемент ввода |
Россия |
| Структурное подразделение |
Министерство внутренних дел |
| -- |
Особенная канцелярия |
| -- |
Типография |
| Системный номер авторитетной/нормативной записи |
711190 |
| Идентификатор авторитетной/нормативной записи |
RU\NLR\AUTH\880524854 |
| 801 #0 - ИСТОЧНИК ЗАПИСИ |
| Страна |
российская федерация |
| Организация |
NLR |
| Правила каталогизации |
psbo |
| 801 #1 - ИСТОЧНИК ЗАПИСИ |
| Страна |
российская федерация |
| Организация |
ProSoft-M |
| Источник данных |
rusmarc |
| 852 ## - МЕСТОНАХОЖДЕНИЕ И ШИФР ХРАНЕНИЯ |
| Идентификатор организации |
NLR |
| Шифр хранения (Call Number) |
18.7.4.7 |
| Публикуемое примечание |
Вар.1 |
| 852 ## - МЕСТОНАХОЖДЕНИЕ И ШИФР ХРАНЕНИЯ |
| Идентификатор организации |
NLR |
| Шифр хранения (Call Number) |
139/665 |
| Публикуемое примечание |
Вар.2, деф. |
| 942 ## - ДОПОЛНИТЕЛЬНЫЕ ЭЛЕМЕНТЫ ЗАПИСИ (АБИС) |
| Тип экземпляра АБИС |
Книга |
| 980 ## - КОЛЛЕКЦИЯ |
| Название коллекции |
Национальная библиография |
| 980 3# - КОЛЛЕКЦИЯ |
| Название коллекции |
КП2021 Первая четверть 19 в. |
| 980 3# - КОЛЛЕКЦИЯ |
| Название коллекции |
КП2021 Книжные памятники 2021 г. |
| 980 3# - КОЛЛЕКЦИЯ |
| Название коллекции |
Книжные памятники РНБ |
| 981 22 - КОЛЛЕКЦИЯ ЭЛЕКТРОННОЙ БИБЛИОТЕКИ |
| Название коллекции |
Материалы по истории России |
| Название подколлекции |
2.05. Культура. Наука. Просвещение. |
| 981 20 - КОЛЛЕКЦИЯ ЭЛЕКТРОННОЙ БИБЛИОТЕКИ |
| Название коллекции |
Книжные памятники РНБ |
| Название подколлекции |
Русский книжный фонд |